000
00258 a2200097 4500
020
_a
9780500025383
100
_a
Richard Poulin
245
_a
Rudolph de Harak Graphic Designer: Rational Simplicity
250
_a
First Edition
260
_b
Thames & Hudson
_c
2022
999
_c
13268
_d
13268